Σύγχρονη ιζηματογένεση και γεωχημικό καθεστώς του θαλάσσιου παράκτιου χώρου που επηρεάζεται από τον ποταμό Έβρο : διδακτορική διατριβή

Αποθηκεύτηκε σε:
Λεπτομέρειες βιβλιογραφικής εγγραφής
Κύριος συγγραφέας: Κανελλόπουλος, Θεόδωρος Δ.
Μορφή: Thesis Βιβλίο
Γλώσσα:Greek
Δημοσίευση: Μυτιλήνη : Πανεπιστήμιο Αιγαίου, Τμήμα Περιβάλλοντος, 2003
Θέματα:
Ετικέτες: Προσθήκη ετικέτας
Δεν υπάρχουν, Καταχωρήστε ετικέτα πρώτοι!

MARC

LEADER 00000cam a2200000 i 4500
001 1/33461
008 060810s2003 gre d
035 |l 10084954 
040 |a GR-MY-UA  |b gre  |e aacr 
041 0 |a gre 
082 0 |a 551.466  |2 (22) 
100 1 |a Κανελλόπουλος, Θεόδωρος Δ. 
245 1 0 |a Σύγχρονη ιζηματογένεση και γεωχημικό καθεστώς του θαλάσσιου παράκτιου χώρου που επηρεάζεται από τον ποταμό Έβρο :  |b διδακτορική διατριβή /  |c Κανελλόπουλου Θεοδώρα Δ. 
260 |a Μυτιλήνη :   |b Πανεπιστήμιο Αιγαίου, Τμήμα Περιβάλλοντος,   |c 2003 
300 |a 220 σ.;  |b πιν., διαγρ.;  |c 30 εκ. 
502 |a Διατριβή (διδακτορική) - Πανεπιστήμιο Αιγαίου, Λέσβος, 2003. 
504 |a Βιβλιογραφία: σ. 203-219 
650 0 0 |a Sedimentation and deposition  |z Maritsa River. 
650 0 0 |a Marine sediments. 
650 0 |a Rivers  |z Greece  |z Hevros. 
650 0 |a Deltas  |z Greece  |z Hevros. 
650 0 0 |a Dissertations, Academic  |z Greece. 
651 0 |a Maritsa River. 
852 |a INST  |b LESVOS  |c DIATR  |e 20060810  |h 139  |p 005100035275  |q 005100035275  |t PHD  |y 23 
852 |a INST  |b LESVOS  |c DIATR  |e 20060810  |h 140  |p 005100035210  |q 005100035210  |t PHD  |y 23 
901 |a BIBL1-2006-2 
909 |a Λ  |b 106927 
909 |a Λ  |b 106928 
924 |a ΚΑΝΕΛΛΟΠΟΥΛΟΣ  |b ΘΕΟΔΩΡΟΣ Δ.  |y ΛΕΣΒΟΣ  |z 2003-11 
970 |a ΜΑΡΙΝΑΤΟΥ  |b ΜΥΡΣΙΝΗ  |z 2006/08/10